| 000 | 00923 a2200277 4500 | ||
|---|---|---|---|
| 003 | OSt | ||
| 005 | 20180116192348.0 | ||
| 008 | 120531t xxu||||| |||| 00| 0 eng d | ||
| 010 | _a 94062072 | ||
| 020 | _a0500202834 (pbk.) | ||
| 020 | _a9780500202838 | ||
| 040 | _c0 | ||
| 082 | 0 | 0 |
_a709.2 _aB |
| 100 | 1 |
_aCrawford, Alan, _92952 |
|
| 245 | 1 | 0 |
_aCharles Rennie Mackintosh / _cAlan Crawford. |
| 260 |
_a[New York?] : _bThames and Hudson, _c1995. |
||
| 300 |
_a216 p. : _bill. (some col.) ; _c21 cm. |
||
| 440 | 0 |
_aWorld of art _92953 |
|
| 500 | _aIncludes bibliographical references and index. | ||
| 600 | 1 | 0 |
_aMackintosh, Charles Rennie, _d1868-1928. _92954 |
| 650 | 1 | 0 |
_aArtists _zScotland _xBiography. _92955 |
| 650 | 1 | 0 |
_aArts and crafts movement _zScotland. _92956 |
| 650 | 1 | 0 |
_aArt nouveau _zScotland. _92957 |
| 942 |
_aSADA _cBK _k709.2 CRA 1995 _2ddc |
||
| 999 |
_c352826 _d352826 |
||